| 000 | 00822nam a2200205 a 4500 | ||
|---|---|---|---|
| 005 | 20210219160149.0 | ||
| 008 | 080919s1971 mx r 000 0 spa d | ||
| 035 | _aUPN01000159857 | ||
| 049 | _aUNE | ||
| 080 | _a37.014.5 (-77) =40 ROW No.15. | ||
| 100 | 1 | _aRowley, C. D. | |
| 245 | 1 | 0 |
_aAspects politiques de la planification de l'éducation dans les pays en voie dedéveloppement / _cC. D. Rowley. |
| 260 |
_aParis : _bUNESCO; _aGeneva : _bInstitut International de Planification de l'Éducation, _c1971. |
||
| 300 | _a67 p. | ||
| 440 | 0 | _aPrincipes de la planification de l'éducation; 15 | |
| 690 | _aPlanificacion de la educacion- Paises en desarrollo | ||
| 690 | _aPaises en desarrollo- Planificacion de la educacion | ||
| 710 | 2 | _aUNESCO. International Institute for Educational Planning. | |
| 905 | _aUNESCO | ||
| 999 |
_c131971 _d131971 |
||